[Event "Titled Tuesday intern op 3rd March"]
[Site "Chess.com INT"]
[Date "2020.03.03"]
[Round "1"]
[White "Leiva Rodriguez, Jeammarco Giuseppe"]
[Black "Steenbekkers, Larissa"]
[Result "1-0"]
[WhiteElo "2391"]
[BlackElo "1836"]
[PlyCount "111"]
[EventDate "2020.03.03"]
[EventType "swiss (blitz)"]
[EventRounds "10"]
[EventCountry "USA"]
[SourceTitle "EXT 2021"]
[Source "ChessBase"]
[SourceDate "2020.10.23"]
[SourceVersion "1"]
[SourceVersionDate "2020.10.23"]
[SourceQuality "1"]

1. d4 Nf6 2. Nf3 g6 3. c4 Bg7 4. g3 c5 5. d5 b5 6. cxb5 a6 7. bxa6 d6 8. Nc3 Bxa6 9. Bg2 Nbd7 10. 0-0 Nb6 11. Re1 0-0 12. Rb1 Bc8 13. b3 Bf5 14. e4 Bd7 15. h3 c4 16. b4 Na4 17. Nxa4 Bxa4 18. Qe2 c3 19. Nd4 Nxd5 20. Nc2 Nb6 21. Be3 Qc7 22. Rbc1 Nc4 23. Bd4 e5 24. Bxc3 Rfc8 25. Ne3 Bb5 26. Nd5 Qa7 27. Ra1 Na3 28. Qd2 Bc4 29. Bf1 Nb5 30. a4 Nxc3 31. Nxc3 Qd4 32. Qxd4 exd4 33. Nb5 Bxb5 34. Bxb5 d3 35. Rad1 d2 36. Rxd2 Bc3 37. Red1 Bxd2 38. Rxd2 Rc1+ 39. Kg2 Rb1 40. Bc6 Rc8 41. b5 Rb4 42. a5 Ra4 43. a6 Rc7 44. Rxd6 Kg7 45. h4 h5 46. Rd2 Rxa6 47. bxa6 Rxc6 48. Ra2 Rc8 49. a7 Ra8 50. Kf3 Kf6 51. Ra6+ Ke7 52. Kf4 Kd7 53. Ke5 Ke7 54. f4 Kd7 55. Kf6 Ke8 56. e5 1-0

[Event "Titled Tuesday intern op1 3rd March  "]
[Site "Chess.com INT"]
[Date "2020.03.03"]
[Round "7"]
[White "Sprangers, Remco"]
[Black "Steenbekkers, Larissa"]
[Result "0-1"]
[WhiteElo "2203"]
[BlackElo "1875"]
[PlyCount "70"]
[EventDate "2020.03.03"]
[EventType "swiss (blitz)"]
[EventRounds "10"]
[EventCountry "USA"]
[SourceTitle "EXT 2021"]
[Source "ChessBase"]
[SourceDate "2020.10.23"]
[SourceVersion "1"]
[SourceVersionDate "2020.10.23"]
[SourceQuality "1"]

1. e4 e6 2. d4 d5 3. Nc3 Bb4 4. e5 Ne7 5. a3 Bxc3+ 6. bxc3 c5 7. Qg4 Qc7 8. Bd3 cxd4 9. Ne2 dxc3 10. Qxg7 Rg8 11. Qxh7 Qxe5 12. Bf4 Qh8 13. Qxh8 Rxh8 14. Be5 Rg8 15. h4 Nbc6 16. Bf6 e5 17. h5 e4 18. Bb5 Bf5 19. h6 Bh7 20. Bxe7 Kxe7 21. Nxc3 Ke6 22. 0-0-0 d4 23. Bxc6 dxc3 24. Bxb7 Rab8 25. Bd5+ Ke5 26. g3 Rb2 27. Bb3 Rb8 28. Rd5+ Kf6 29. Rd6+ Ke7 30. Rhd1 R8xb3 31. Rd7+ Ke6 32. R7d6+ Kf5 33. cxb3 e3 34. Rc6 Kg4 35. Rxc3 Rb1# 0-1

[Event "Titled Tuesday intern op1 3rd March  "]
[Site "Chess.com INT"]
[Date "2020.03.03"]
[Round "9"]
[White "Steenbekkers, Larissa"]
[Black "Fernandez Barrera, Victor"]
[Result "0-1"]
[WhiteElo "1872"]
[BlackElo "2292"]
[PlyCount "70"]
[EventDate "2020.03.03"]
[EventType "swiss (blitz)"]
[EventRounds "10"]
[EventCountry "USA"]
[SourceTitle "EXT 2021"]
[Source "ChessBase"]
[SourceDate "2020.10.23"]
[SourceVersion "1"]
[SourceVersionDate "2020.10.23"]
[SourceQuality "1"]

1. e4 c5 2. Nc3 Nc6 3. Bb5 g6 4. f4 Bg7 5. Bxc6 bxc6 6. Nf3 d5 7. d3 Bg4 8. 0-0 e6 9. Na4 c4 10. Qe1 cxd3 11. cxd3 Bxf3 12. Rxf3 Ne7 13. f5 Bd4+ 14. Be3 Bxe3+ 15. Qxe3 dxe4 16. dxe4 e5 17. f6 Nc8 18. Qc5 Qd6 19. Qc3 Qd4+ 20. Qxd4 exd4 21. e5 Nb6 22. Nc5 0-0-0 23. a4 Nd5 24. Rd3 Nb4 25. Rd2 Rd5 26. Rc1 Rhd8 27. Rc4 a5 28. Nd3 Nxd3 29. Rxd3 c5 30. Rb3 Rxe5 31. Rb5 d3 32. Rcxc5+ Rxc5 33. Rxc5+ Kb7 34. Rb5+ Kc6 35. Rxa5 d2 0-1

[Event "Titled Tuesday intern op 3rd March"]
[Site "Chess.com INT"]
[Date "2020.03.03"]
[Round "9"]
[White "Steenbekkers, Larissa"]
[Black "Mendoza, Beverly"]
[Result "1-0"]
[WhiteElo "1858"]
[BlackElo "1945"]
[PlyCount "51"]
[EventDate "2020.03.03"]
[EventType "swiss (blitz)"]
[EventRounds "10"]
[EventCountry "USA"]
[SourceTitle "EXT 2021"]
[Source "ChessBase"]
[SourceDate "2020.10.23"]
[SourceVersion "1"]
[SourceVersionDate "2020.10.23"]
[SourceQuality "1"]

1. e4 e6 2. d4 d5 3. Bd3 dxe4 4. Bxe4 Nf6 5. Bf3 c6 6. Ne2 Bd6 7. c4 b6 8. Nbc3 0-0 9. 0-0 Bb7 10. Ng3 Qc7 11. Bg5 Nbd7 12. Nce4 Bf4 13. Bxf6 Nxf6 14. Nxf6+ gxf6 15. Nh5 Bg5 16. g3 f5 17. Bg2 Rad8 18. f4 Bh6 19. Qd2 Kh8 20. Rad1 e5 21. d5 cxd5 22. cxd5 Rd6 23. Rc1 Qe7 24. Qc3 f6 25. Nxf6 Bg7 26. Nh5 1-0

[Event "Titled Tuesday intern op 3rd March"]
[Site "Chess.com INT"]
[Date "2020.03.03"]
[Round "2"]
[White "Steenbekkers, Larissa"]
[Black "Womacka, Mathias"]
[Result "0-1"]
[WhiteElo "1835"]
[BlackElo "2435"]
[PlyCount "38"]
[EventDate "2020.03.03"]
[EventType "swiss (blitz)"]
[EventRounds "10"]
[EventCountry "USA"]
[SourceTitle "EXT 2021"]
[Source "ChessBase"]
[SourceDate "2020.10.23"]
[SourceVersion "1"]
[SourceVersionDate "2020.10.23"]
[SourceQuality "1"]

1. e4 c5 2. Nc3 Nc6 3. Bb5 Nd4 4. Nf3 Nxb5 5. Nxb5 d6 6. 0-0 Nf6 7. Re1 a6 8. Nc3 e6 9. d4 cxd4 10. Qxd4 Be7 11. b3 0-0 12. Bb2 b5 13. Rad1 Qc7 14. e5 dxe5 15. Nxe5 Bb7 16. Qh4 Rfd8 17. Qh3 Rxd1 18. Nxd1 Bd6 19. Nxf7 Qxf7 0-1

[Event "Titled Tuesday intern op 7th Januar"]
[Site "Chess.com INT"]
[Date "2020.01.07"]
[Round "2"]
[White "Steenbekkers, Larissa"]
[Black "Stearman, Josiah P"]
[Result "0-1"]
[WhiteElo "1709"]
[BlackElo "2342"]
[PlyCount "54"]
[EventDate "2020.01.07"]
[EventType "swiss (blitz)"]
[EventRounds "10"]
[EventCountry "USA"]
[SourceTitle "EXT 2021"]
[Source "ChessBase"]
[SourceDate "2020.10.23"]
[SourceVersion "1"]
[SourceVersionDate "2020.10.23"]
[SourceQuality "1"]

1. e4 c5 2. Nc3 Nc6 3. Bb5 Nd4 4. Nf3 e6 5. 0-0 Ne7 6. Bd3 Nec6 7. b3 Be7 8. Bb2 0-0 9. Nxd4 Nxd4 10. Ne2 e5 11. f4 d6 12. f5 Bg5 13. Nxd4 cxd4 14. Bc4 Kh8 15. a4 a6 16. Qh5 Bxd2 17. f6 g6 18. Qh4 Be3+ 19. Kh1 Be6 20. Rf3 Rc8 21. Bd3 Rg8 22. Raf1 g5 23. Qh5 Rg6 24. Bc4 Rxc4 25. bxc4 g4 26. Rf5 Bxf5 27. Qxf5 Rg5 0-1

[Event "Titled Tuesday intern op 6th Aug"]
[Site "Chess.com INT"]
[Date "2019.08.06"]
[Round "7"]
[White "Steenbekkers, Larissa"]
[Black "Gurevich, Dmitry"]
[Result "1/2-1/2"]
[WhiteElo "1813"]
[BlackElo "2385"]
[PlyCount "81"]
[EventDate "2019.08.06"]
[EventType "swiss (blitz)"]
[EventRounds "10"]
[EventCountry "USA"]
[SourceTitle "EXT 2021"]
[Source "ChessBase"]
[SourceDate "2020.10.23"]
[SourceVersion "1"]
[SourceVersionDate "2020.10.23"]
[SourceQuality "1"]

1. e4 c5 2. Nf3 d6 3. d4 cxd4 4. Nxd4 Nf6 5. Nc3 Nc6 6. Bg5 g6 7. Bxf6 exf6 8. Qd2 Bg7 9. 0-0-0 0-0 10. Ndb5 f5 11. Nxd6 fxe4 12. Ndxe4 Qa5 13. Kb1 Bf5 14. Bd3 Nb4 15. a3 Nxd3 16. Qxd3 Qb6 17. f3 Rac8 18. Qd6 Rc6 19. Qb4 Qa6 20. Qb5 Qxb5 21. Nxb5 Rb6 22. Nd4 Bxe4 23. fxe4 Re8 24. Rhe1 f5 25. c3 fxe4 26. Re2 Rd6 27. Kc2 a6 28. Nb3 Rxd1 29. Kxd1 Re5 30. Kc2 Bh6 31. Nd2 Bxd2 32. Kxd2 Kf7 33. Ke3 Rh5 34. h3 Ke6 35. Kxe4 Kd6 36. Kd4 Rd5+ 37. Ke4 Re5+ 38. Kd3 Rd5+ 39. Ke4 Re5+ 40. Kd3 Rd5+ 41. Ke4 1/2-1/2

[Event "Titled Tuesday intern op 4th June"]
[Site "Chess.com INT"]
[Date "2019.06.04"]
[Round "1"]
[White "Risting, Eivind Olav"]
[Black "Steenbekkers, Larissa"]
[Result "1-0"]
[WhiteElo "2357"]
[BlackElo "1966"]
[PlyCount "59"]
[EventDate "2019.06.04"]
[EventType "swiss (blitz)"]
[EventRounds "10"]
[EventCountry "USA"]
[SourceTitle "EXT 2021"]
[Source "ChessBase"]
[SourceDate "2020.10.23"]
[SourceVersion "1"]
[SourceVersionDate "2020.10.23"]
[SourceQuality "1"]

1. d4 Nf6 2. c4 g6 3. Nc3 d5 4. Bg5 Bg7 5. Nf3 c5 6. dxc5 Qa5 7. cxd5 Nxd5 8. Qxd5 Bxc3+ 9. Nd2 Bxb2 10. Rb1 Bg7 11. e4 0-0 12. Bxe7 Re8 13. Bd6 Nc6 14. Rb5 Qa4 15. Qc4 Qxc4 16. Bxc4 Nd4 17. Rb1 Bf5 18. f3 Nc2+ 19. Ke2 Be6 20. Rxb7 f5 21. Bxe6+ Rxe6 22. Rhb1 fxe4 23. Nxe4 Bd4 24. Rb8+ Rxb8 25. Rxb8+ Kg7 26. Kd3 Ne1+ 27. Kxd4 Nxg2 28. Bf8+ Kf7 29. Ng5+ Kf6 30. Nxe6 1-0

[Event "Titled Tuesday intern op 4th June"]
[Site "Chess.com INT"]
[Date "2019.06.04"]
[Round "10"]
[White "Steenbekkers, Larissa"]
[Black "Atanasov, Anthony"]
[Result "1-0"]
[WhiteElo "1987"]
[BlackElo "1892"]
[PlyCount "91"]
[EventDate "2019.06.04"]
[EventType "swiss (blitz)"]
[EventRounds "10"]
[EventCountry "USA"]
[SourceTitle "EXT 2021"]
[Source "ChessBase"]
[SourceDate "2020.10.23"]
[SourceVersion "1"]
[SourceVersionDate "2020.10.23"]
[SourceQuality "1"]

1. e4 e5 2. Nf3 f5 3. Nc3 Nc6 4. Bb5 Nf6 5. exf5 d6 6. Nh4 a6 7. Bxc6+ bxc6 8. d4 exd4 9. Qxd4 c5 10. Qd1 Bb7 11. 0-0 d5 12. Bg5 Bd6 13. Re1+ Kf7 14. Nxd5 Bxh2+ 15. Kxh2 Qxd5 16. Qxd5+ Nxd5 17. Rad1 h6 18. Bc1 Nf6 19. Ng6 Rhe8 20. Bf4 Be4 21. Bxc7 Bxc2 22. Ne5+ Rxe5 23. Bxe5 Ng4+ 24. Kg3 Nxe5 25. Rd2 Nd3 26. Re3 Bb1 27. Rexd3 Bxd3 28. Rxd3 Rb8 29. b3 Rb5 30. Rd6 c4 31. bxc4 Ra5 32. f3 Rxa2 33. c5 a5 34. Ra6 a4 35. c6 Rc2 36. Kf4 a3 37. Ke5 a2 38. Kd6 Rxg2 39. c7 Rc2 40. Rxa2 Rxa2 41. c8Q Rd2+ 42. Ke5 Re2+ 43. Kf4 Re7 44. Qc4+ Kf8 45. Kg4 Ke8 46. Kh5 1-0

[Event "Titled Tuesday intern op 7th May"]
[Site "Chess.com INT"]
[Date "2019.05.07"]
[Round "10"]
[White "Martel, Etienne"]
[Black "Steenbekkers, Larissa"]
[Result "1-0"]
[WhiteElo "2147"]
[BlackElo "1969"]
[PlyCount "75"]
[EventDate "2019.05.07"]
[EventType "swiss (blitz)"]
[EventRounds "10"]
[EventCountry "USA"]
[SourceTitle "EXT 2021"]
[Source "ChessBase"]
[SourceDate "2020.10.23"]
[SourceVersion "1"]
[SourceVersionDate "2020.10.23"]
[SourceQuality "1"]

1. c4 Nf6 2. g3 g6 3. Bg2 Bg7 4. Nc3 0-0 5. Nf3 d6 6. 0-0 e5 7. d3 Nc6 8. Bg5 h6 9. Bd2 Be6 10. Rb1 a5 11. a3 Qd7 12. b4 axb4 13. axb4 Bh3 14. b5 Ne7 15. e4 Bxg2 16. Kxg2 Nh5 17. Qb3 Kh7 18. Nd5 Nxd5 19. cxd5 f5 20. b6 c6 21. dxc6 bxc6 22. b7 Rab8 23. Be3 f4 24. Ba7 fxg3 25. fxg3 d5 26. Bxb8 Rxb8 27. exd5 cxd5 28. Qb5 Qg4 29. Rb4 e4 30. dxe4 dxe4 31. Nd2 Bc3 32. Rxe4 Qg5 33. Qxg5 hxg5 34. Re7+ Kh6 35. Ne4 Bd4 36. Rff7 Ng7 37. g4 Rd8 38. Rd7 1-0

[Event "Titled Tuesday intern op 7th May"]
[Site "Chess.com INT"]
[Date "2019.05.07"]
[Round "5"]
[White "Steenbekkers, Larissa"]
[Black "Bartholomew, John"]
[Result "0-1"]
[WhiteElo "1957"]
[BlackElo "2439"]
[PlyCount "100"]
[EventDate "2019.05.07"]
[EventType "swiss (blitz)"]
[EventRounds "10"]
[EventCountry "USA"]
[SourceTitle "EXT 2021"]
[Source "ChessBase"]
[SourceDate "2020.10.23"]
[SourceVersion "1"]
[SourceVersionDate "2020.10.23"]
[SourceQuality "1"]

1. e4 c5 2. Nf3 e6 3. Nc3 a6 4. d4 cxd4 5. Nxd4 Qc7 6. g3 Nf6 7. Bg2 Bb4 8. 0-0 0-0 9. e5 Qxe5 10. Bf4 Qh5 11. Bf3 Qg6 12. Na4 Nc6 13. Nb6 Ra7 14. Nb3 d5 15. a3 Be7 16. Nd4 Bc5 17. Nxc8 Rxc8 18. Nb3 Bb6 19. h4 h6 20. h5 Qf5 21. Kg2 e5 22. Be3 d4 23. Bd2 e4 24. Be2 Qd5 25. Bf4 Ne5 26. Bxe5 Qxe5 27. Rh1 Raa8 28. Rh4 Rc7 29. Rc1 Rd8 30. Rf4 Rcd7 31. Qd2 d3 32. cxd3 e3 33. Qc3 Qxc3 34. Rxc3 Nd5 35. fxe3 Nxc3 36. bxc3 Bxe3 37. Re4 Ba7 38. Bf3 Kf8 39. Na5 Bb6 40. Nc4 Bc7 41. d4 b5 42. Ne3 Bd6 43. Nf5 Bxa3 44. Re2 Rc7 45. d5 Rxc3 46. Be4 Bd6 47. Rf2 Bc5 48. Rf4 Rc4 49. g4 Re8 50. Kf3 b4 0-1

[Event "Titled Tuesday intern op 7th May"]
[Site "Chess.com INT"]
[Date "2019.05.07"]
[Round "6"]
[White "Steenbekkers, Larissa"]
[Black "Coca Cubillos, Jesus Alberto"]
[Result "1-0"]
[WhiteElo "1968"]
[BlackElo "2060"]
[PlyCount "39"]
[EventDate "2019.05.07"]
[EventType "swiss (blitz)"]
[EventRounds "10"]
[EventCountry "USA"]
[SourceTitle "EXT 2021"]
[Source "ChessBase"]
[SourceDate "2020.10.23"]
[SourceVersion "1"]
[SourceVersionDate "2020.10.23"]
[SourceQuality "1"]

1. e4 Nf6 2. e5 Nd5 3. d4 d6 4. Nf3 Bg4 5. Be2 e6 6. h3 Bf5 7. 0-0 Be7 8. c4 Nb6 9. Nc3 Nc6 10. exd6 cxd6 11. d5 Ne5 12. Nd4 Nexc4 13. Bxc4 Nxc4 14. Qa4+ Kf8 15. Qxc4 Bg6 16. dxe6 Rc8 17. Qb3 Bf6 18. Be3 a6 19. Rad1 b5 20. Nd5 1-0

[Event "Titled Tuesday intern op 5th March"]
[Site "Chess.com INT"]
[Date "2019.03.05"]
[Round "4"]
[White "Sucikova, Svetlana"]
[Black "Steenbekkers, Larissa"]
[Result "1-0"]
[WhiteElo "2110"]
[BlackElo "1987"]
[PlyCount "61"]
[EventDate "2019.03.05"]
[EventType "swiss (blitz)"]
[EventRounds "10"]
[EventCountry "USA"]
[SourceTitle "EXT 2021"]
[Source "ChessBase"]
[SourceDate "2020.10.23"]
[SourceVersion "1"]
[SourceVersionDate "2020.10.23"]
[SourceQuality "1"]

1. Nf3 Nf6 2. d4 g6 3. c4 Bg7 4. Nc3 d5 5. e3 0-0 6. b3 c5 7. Be2 Nc6 8. 0-0 cxd4 9. exd4 b6 10. Bb2 Bb7 11. Rc1 Rc8 12. Re1 Na5 13. Nb5 a6 14. Na3 Ne4 15. Bd3 e6 16. Qe2 Ng5 17. Ne5 h5 18. f4 Ne4 19. Bxe4 dxe4 20. Bc3 f6 21. Nxg6 Rf7 22. Qxh5 f5 23. Re3 Bf6 24. Rh3 Rg7 25. Kh1 e3 26. Re1 Bxd4 27. Bxd4 Qxd4 28. Rhxe3 Kf7 29. Rxe6 Rcg8 30. Re7+ Kf6 31. R1e6# 1-0